000 00429nam a2200193Ia 4500
003 OSt
005 20250411100104.0
008 220927b |||||||| |||| 00| 0 eng d
037 _cTextual
040 _aSDCL
_cSDCL
_bhin
041 _2hin
_ahin
084 _aV2'C L7
100 _aSharma
_9393037
245 0 _aPrachin Bharat.
260 _c1977
300 _a420p
942 _cTEXL
_2CC
_n0
999 _c733811
_d733811